000 00579nam a22001457a 4500
020 _a978-93-95976-79-4
082 _a823
_bMAP/V
100 _aMAPLE KIDS
245 _aVIKRAM SARABHAI
_bINDIAN SCIENTISTS
260 _aUP
_bMAPLE PRESS
_c2023
300 _a16
520 _aVikram Ambalal Sarabhai (12 August 1919 – 30 December 1971) was an Indian physicist and astronomer who initiated space research and helped to develop nuclear power in India. He was honoured with Padma Bhushan in 1966 and the Padma Vibhushan (posthumously) in 1972.
650 _aSHORT STORY
942 _cBK
999 _c6931
_d6931